| 000 | 00804nam a2200277Ia 4500 | ||
|---|---|---|---|
| 003 | OSt | ||
| 005 | 20221007121919.0 | ||
| 006 | a|||||r|||| 00| 0 | ||
| 007 | ta | ||
| 008 | 221006b |||||||| |||| 00| 0 eng d | ||
| 020 | _a8170352967 (hbd) | ||
| 024 | _a1710 | ||
| 037 | _cTextual | ||
| 040 |
_aBDL _cBDL _beng |
||
| 041 |
_2eng _aeng |
||
| 082 | _aI22, P3 Carb | ||
| 100 |
_aAhluwalia Amrik Singh Ed. _9713117 |
||
| 245 | 0 | _aPhycology: Principles, processes and applications | |
| 260 |
_aDelhi _bDaya Publishing House _c2003 |
||
| 300 |
_axxi, 481p. _ccm. |
||
| 500 | _aIncludes bibliographical references; Index 473-481p | ||
| 650 | _a Algae | ||
| 650 | _aBotany | ||
| 942 |
_hI22, P3 Carb _cTEXL _2CC |
||
| 999 |
_c1209533 _d1209533 |
||